[Event "Mecklenburg VP LL2 West 2223"]
[Site "Mecklenburg VP"]
[Date "2023.04.23"]
[Round "8.7"]
[White "Franke, Wilfried"]
[Black "Boecking, Uwe"]
[Result "1/2-1/2"]
[WhiteElo "1759"]
[BlackElo "1769"]
[PlyCount "25"]
[EventDate "2022.10.23"]
[EventType "team-tourn"]
[EventRounds "9"]
[EventCountry "GER"]
[SourceTitle "EXT 2024"]
[Source "ChessBase"]
[SourceDate "2023.10.10"]
[SourceVersion "1"]
[SourceVersionDate "2023.10.10"]
[SourceQuality "1"]
[WhiteTeam "Grevesmuehlen Blau Weiss"]
[BlackTeam "Rostock Uni"]
[WhiteTeamCountry "GER"]
[BlackTeamCountry "GER"]

1. e4 c5 2. Nf3 e6 3. d4 cxd4 4. Nxd4 a6 5. Nc3 Qc7 6. Bd3 Nf6 7. 0-0 b5 8. a3 Bb7 9. Kh1 d5 10. exd5 Nxd5 11. Nxd5 Bxd5 12. Qg4 Nd7 13. Bf4 1/2-1/2

[Event "Mecklenburg VP VL 1718"]
[Site "Mecklenburg VP"]
[Date "2017.12.10"]
[Round "4.4"]
[White "Dettmann, Holger"]
[Black "Boecking, Uwe"]
[Result "1/2-1/2"]
[WhiteElo "1915"]
[BlackElo "1719"]
[PlyCount "56"]
[EventDate "2017.10.08"]
[EventType "team-tourn"]
[EventRounds "9"]
[EventCountry "GER"]
[SourceTitle "EXT 2022"]
[Source "ChessBase"]
[SourceDate "2021.10.06"]
[SourceVersion "1"]
[SourceVersionDate "2021.10.06"]
[SourceQuality "1"]
[WhiteTeam "Guestrow/Teterow"]
[BlackTeam "Warnemuende SF Ostsee"]
[WhiteTeamCountry "GER"]
[BlackTeamCountry "GER"]

1. d4 Nf6 2. Bf4 d5 3. e3 Bf5 4. Bd3 Bg6 5. Nf3 e6 6. Ne5 Nh5 7. Nd2 Nxf4 8. exf4 Bxd3 9. Nxd3 Nc6 10. c3 Bd6 11. Qg4 Qf6 12. Ne5 Bxe5 13. fxe5 Qg6 14. Qxg6 hxg6 15. f4 Ke7 16. Nf3 a5 17. 0-0 a4 18. b4 b5 19. Ne1 Kd7 20. Nd3 Raf8 21. Rf3 Ne7 22. g4 Rh4 23. h3 Rfh8 24. Kg2 c6 25. Raf1 R4h6 26. Rg3 R6h7 27. Rff3 Rf8 28. Re3 Rfh8 1/2-1/2

[Event "Mecklenburg VP VL 1516"]
[Site "Mecklenburg VP"]
[Date "2016.03.13"]
[Round "7.7"]
[White "Haase, Sebastian"]
[Black "Boecking, Uwe"]
[Result "0-1"]
[WhiteElo "1731"]
[BlackElo "1738"]
[PlyCount "111"]
[EventDate "2015.09.20"]
[EventType "team-tourn"]
[EventRounds "9"]
[EventCountry "GER"]
[SourceTitle "EXT 2022"]
[Source "ChessBase"]
[SourceDate "2021.10.06"]
[SourceVersion "1"]
[SourceVersionDate "2021.10.06"]
[SourceQuality "1"]
[WhiteTeam "Grevesmuehlen Blau Weiss"]
[BlackTeam "Warnemuende SF Ostsee"]
[WhiteTeamCountry "GER"]
[BlackTeamCountry "GER"]

1. d4 Nf6 2. Nf3 d5 3. Bf4 g6 4. e3 Bg7 5. Nbd2 0-0 6. Bd3 c5 7. c3 cxd4 8. exd4 Nc6 9. Qe2 Nh5 10. Bg3 f6 11. 0-0-0 Bg4 12. h3 Nxg3 13. fxg3 Bd7 14. Nb3 Rc8 15. Nc5 e5 16. dxe5 fxe5 17. Nxd7 Qxd7 18. Bc4 Bh6+ 19. Kb1 Qf5+ 20. Ka1 dxc4 21. Qxc4+ Qf7 22. Qe4 Qe7 23. Rd5 Bg7 24. Rhd1 Rcd8 25. h4 Rxd5 26. Qxd5+ Qf7 27. Qe4 h6 28. g4 Rd8 29. Rf1 Qe6 30. b3 Qd6 31. Qc4+ Qd5 32. Qxd5+ Rxd5 33. Re1 e4 34. Rxe4 Bxc3+ 35. Kb1 Rd7 36. Kc2 Bg7 37. g5 Re7 38. Kd3 Rxe4 39. Kxe4 Kf7 40. a3 Ke6 41. g4 h5 42. gxh5 gxh5 43. a4 Ne7 44. Nd2 Ng6 45. Nf3 a5 46. Nd2 Nxh4 47. Nc4 Bc3 48. Ne3 Ng6 49. Kf3 Ne5+ 50. Kg3 Bd2 51. Nc2 Bxg5 52. b4 b6 53. bxa5 bxa5 54. Nd4+ Kd5 55. Nb3 Nc6 56. Nd2 0-1

[Event "Mecklenburg VP LL2 Ost 0708"]
[Site "Mecklenburg VP"]
[Date "2007.11.25"]
[Round "3.5"]
[White "Nickel, Reimo"]
[Black "Boecking, Uwe"]
[Result "1-0"]
[WhiteElo "1796"]
[BlackElo "1733"]
[PlyCount "107"]
[EventDate "2007.10.21"]
[EventType "team-tourn"]
[EventRounds "9"]
[EventCountry "GER"]
[SourceTitle "EXT 2016"]
[Source "ChessBase"]
[SourceDate "2015.10.08"]
[SourceVersion "1"]
[SourceVersionDate "2015.10.08"]
[SourceQuality "1"]
[WhiteTeam "Saal Waterkant"]
[BlackTeam "Warnemuende SF Ostsee II"]
[WhiteTeamCountry "GER"]
[BlackTeamCountry "GER"]

1. d4 Nf6 2. c4 e6 3. Nc3 d5 4. Nf3 c6 5. Bg5 Nbd7 6. e3 Qa5 7. Bxf6 Nxf6 8. Nd2 Bb4 9. Qc1 0-0 10. a3 Bd6 11. Be2 Qc7 12. h3 Qe7 13. Nf3 dxc4 14. Bxc4 e5 15. dxe5 Bxe5 16. Nxe5 Qxe5 17. Ne2 Re8 18. Qc3 Qg5 19. 0-0-0 Ne4 20. Qb3 Qe7 21. Rd4 Nd6 22. Rxd6 Qxd6 23. Bxf7+ Kf8 24. Bxe8 Be6 25. Qxb7 Qc5+ 26. Nc3 Rxe8 27. Qb4 Qxb4 28. axb4 Rb8 29. Rd1 Rxb4 30. Rd6 Bd5 31. Nxd5 cxd5 32. Rxd5 Rb7 33. Rf5+ Ke7 34. e4 g6 35. Rc5 Ke6 36. Kc2 Rf7 37. f3 Kd6 38. Rd5+ Ke6 39. b4 Rc7+ 40. Kb3 Rc1 41. Ra5 Rg1 42. Ra2 Ke5 43. Kc4 Rc1+ 44. Kb5 Rc7 45. Ka6 Kf4 46. Re2 Ke5 47. b5 g5 48. g3 Rf7 49. f4+ gxf4 50. gxf4+ Kd4 51. e5 Kd3 52. e6 Re7 53. Re1 Kd4 54. f5 1-0